<?xml version="1.0" encoding="UTF-8"?>
<collection xmlns="http://www.loc.gov/MARC21/slim">
 <record>
  <leader>02063nam a22003611  4500</leader>
  <controlfield tag="001">1/49951</controlfield>
  <controlfield tag="008">020401s19661967enk      e      1   eng d</controlfield>
  <datafield tag="035" ind1=" " ind2=" ">
   <subfield code="l">22275</subfield>
  </datafield>
  <datafield tag="040" ind1=" " ind2=" ">
   <subfield code="a">GR-PeUP</subfield>
  </datafield>
  <datafield tag="082" ind1="0" ind2="0">
   <subfield code="a">031 WO</subfield>
  </datafield>
  <datafield tag="090" ind1=" " ind2=" ">
   <subfield code="a">R 031 WO</subfield>
  </datafield>
  <datafield tag="245" ind1="1" ind2="0">
   <subfield code="a">The World Book encyclopedia</subfield>
  </datafield>
  <datafield tag="260" ind1=" " ind2=" ">
   <subfield code="a">London :</subfield>
   <subfield code="b">Kingsport Press,</subfield>
   <subfield code="c">1966-1967</subfield>
  </datafield>
  <datafield tag="300" ind1=" " ind2=" ">
   <subfield code="a">16 v. ;</subfield>
   <subfield code="c">24 cm.</subfield>
  </datafield>
  <datafield tag="504" ind1=" " ind2=" ">
   <subfield code="a">Includes bibliographical references and index</subfield>
  </datafield>
  <datafield tag="650" ind1=" " ind2="4">
   <subfield code="a">Encyclopaedia.</subfield>
  </datafield>
  <datafield tag="710" ind1="2" ind2=" ">
   <subfield code="a">World Book, Inc.</subfield>
  </datafield>
  <datafield tag="852" ind1=" " ind2=" ">
   <subfield code="a">INST</subfield>
   <subfield code="b">UNIPILB</subfield>
   <subfield code="c">REF</subfield>
   <subfield code="e">20040709</subfield>
   <subfield code="h">031 WO</subfield>
   <subfield code="p">00117461</subfield>
   <subfield code="q">00117461</subfield>
   <subfield code="t">NOLOAN</subfield>
   <subfield code="v">v.1:</subfield>
   <subfield code="y">23</subfield>
   <subfield code="z">v.1</subfield>
   <subfield code="4">1</subfield>
  </datafield>
  <datafield tag="852" ind1=" " ind2=" ">
   <subfield code="a">INST</subfield>
   <subfield code="b">UNIPILB</subfield>
   <subfield code="c">REF</subfield>
   <subfield code="e">20040709</subfield>
   <subfield code="h">031 WO</subfield>
   <subfield code="p">00117462</subfield>
   <subfield code="q">00117462</subfield>
   <subfield code="t">NOLOAN</subfield>
   <subfield code="v">v.2:</subfield>
   <subfield code="y">23</subfield>
   <subfield code="z">v.2</subfield>
   <subfield code="4">1</subfield>
  </datafield>
  <datafield tag="852" ind1=" " ind2=" ">
   <subfield code="a">INST</subfield>
   <subfield code="b">UNIPILB</subfield>
   <subfield code="c">REF</subfield>
   <subfield code="e">20040709</subfield>
   <subfield code="h">031 WO</subfield>
   <subfield code="p">00117463</subfield>
   <subfield code="q">00117463</subfield>
   <subfield code="t">NOLOAN</subfield>
   <subfield code="v">v.3:</subfield>
   <subfield code="y">23</subfield>
   <subfield code="z">v.3</subfield>
   <subfield code="4">1</subfield>
  </datafield>
  <datafield tag="852" ind1=" " ind2=" ">
   <subfield code="a">INST</subfield>
   <subfield code="b">UNIPILB</subfield>
   <subfield code="c">REF</subfield>
   <subfield code="e">20040709</subfield>
   <subfield code="h">031 WO</subfield>
   <subfield code="p">00117465</subfield>
   <subfield code="q">00117465</subfield>
   <subfield code="t">NOLOAN</subfield>
   <subfield code="v">v.4:</subfield>
   <subfield code="y">23</subfield>
   <subfield code="z">v.4</subfield>
   <subfield code="4">1</subfield>
  </datafield>
  <datafield tag="852" ind1=" " ind2=" ">
   <subfield code="a">INST</subfield>
   <subfield code="b">UNIPILB</subfield>
   <subfield code="c">REF</subfield>
   <subfield code="e">20040709</subfield>
   <subfield code="h">031 WO</subfield>
   <subfield code="p">00117469</subfield>
   <subfield code="q">00117469</subfield>
   <subfield code="t">NOLOAN</subfield>
   <subfield code="v">v.5:</subfield>
   <subfield code="y">23</subfield>
   <subfield code="z">v.5</subfield>
   <subfield code="4">1</subfield>
  </datafield>
  <datafield tag="852" ind1=" " ind2=" ">
   <subfield code="a">INST</subfield>
   <subfield code="b">UNIPILB</subfield>
   <subfield code="c">REF</subfield>
   <subfield code="e">20040709</subfield>
   <subfield code="h">031 WO</subfield>
   <subfield code="p">00117470</subfield>
   <subfield code="q">00117470</subfield>
   <subfield code="t">NOLOAN</subfield>
   <subfield code="v">v.6:</subfield>
   <subfield code="y">23</subfield>
   <subfield code="z">v.6</subfield>
   <subfield code="4">1</subfield>
  </datafield>
  <datafield tag="852" ind1=" " ind2=" ">
   <subfield code="a">INST</subfield>
   <subfield code="b">UNIPILB</subfield>
   <subfield code="c">REF</subfield>
   <subfield code="e">20040709</subfield>
   <subfield code="h">031 WO</subfield>
   <subfield code="p">00117471</subfield>
   <subfield code="q">00117471</subfield>
   <subfield code="t">NOLOAN</subfield>
   <subfield code="v">v.7:</subfield>
   <subfield code="y">23</subfield>
   <subfield code="z">v.7</subfield>
   <subfield code="4">1</subfield>
  </datafield>
  <datafield tag="852" ind1=" " ind2=" ">
   <subfield code="a">INST</subfield>
   <subfield code="b">UNIPILB</subfield>
   <subfield code="c">REF</subfield>
   <subfield code="e">20040709</subfield>
   <subfield code="h">031 WO</subfield>
   <subfield code="p">00117472</subfield>
   <subfield code="q">00117472</subfield>
   <subfield code="t">NOLOAN</subfield>
   <subfield code="v">v.8:</subfield>
   <subfield code="y">23</subfield>
   <subfield code="z">v.8</subfield>
   <subfield code="4">1</subfield>
  </datafield>
  <datafield tag="852" ind1=" " ind2=" ">
   <subfield code="a">INST</subfield>
   <subfield code="b">UNIPILB</subfield>
   <subfield code="c">REF</subfield>
   <subfield code="e">20040709</subfield>
   <subfield code="h">031 WO</subfield>
   <subfield code="p">00117475</subfield>
   <subfield code="q">00117475</subfield>
   <subfield code="t">NOLOAN</subfield>
   <subfield code="v">v.9:</subfield>
   <subfield code="y">23</subfield>
   <subfield code="z">v.9</subfield>
   <subfield code="4">1</subfield>
  </datafield>
  <datafield tag="852" ind1=" " ind2=" ">
   <subfield code="a">INST</subfield>
   <subfield code="b">UNIPILB</subfield>
   <subfield code="c">REF</subfield>
   <subfield code="e">20040709</subfield>
   <subfield code="h">031 WO</subfield>
   <subfield code="p">00117476</subfield>
   <subfield code="q">00117476</subfield>
   <subfield code="t">NOLOAN</subfield>
   <subfield code="v">v.10:</subfield>
   <subfield code="y">23</subfield>
   <subfield code="z">v.10</subfield>
   <subfield code="4">1</subfield>
  </datafield>
  <datafield tag="852" ind1=" " ind2=" ">
   <subfield code="a">INST</subfield>
   <subfield code="b">UNIPILB</subfield>
   <subfield code="c">REF</subfield>
   <subfield code="e">20040709</subfield>
   <subfield code="h">031 WO</subfield>
   <subfield code="p">00117478</subfield>
   <subfield code="q">00117478</subfield>
   <subfield code="t">NOLOAN</subfield>
   <subfield code="v">v.11:</subfield>
   <subfield code="y">23</subfield>
   <subfield code="z">v.11</subfield>
   <subfield code="4">1</subfield>
  </datafield>
  <datafield tag="852" ind1=" " ind2=" ">
   <subfield code="a">INST</subfield>
   <subfield code="b">UNIPILB</subfield>
   <subfield code="c">REF</subfield>
   <subfield code="e">20040709</subfield>
   <subfield code="h">031 WO</subfield>
   <subfield code="p">00118832</subfield>
   <subfield code="q">00118832</subfield>
   <subfield code="t">NOLOAN</subfield>
   <subfield code="v">v.12:</subfield>
   <subfield code="y">23</subfield>
   <subfield code="z">v.12</subfield>
   <subfield code="4">1</subfield>
  </datafield>
  <datafield tag="852" ind1=" " ind2=" ">
   <subfield code="a">INST</subfield>
   <subfield code="b">UNIPILB</subfield>
   <subfield code="c">REF</subfield>
   <subfield code="e">20040709</subfield>
   <subfield code="h">031 WO</subfield>
   <subfield code="p">00118835</subfield>
   <subfield code="q">00118835</subfield>
   <subfield code="t">NOLOAN</subfield>
   <subfield code="v">τ.M-Z:</subfield>
   <subfield code="y">23</subfield>
   <subfield code="z">τ.M-Z</subfield>
   <subfield code="4">1</subfield>
  </datafield>
  <datafield tag="852" ind1=" " ind2=" ">
   <subfield code="a">INST</subfield>
   <subfield code="b">UNIPILB</subfield>
   <subfield code="c">REF</subfield>
   <subfield code="e">20040709</subfield>
   <subfield code="h">031 WO</subfield>
   <subfield code="p">00118836</subfield>
   <subfield code="q">00118836</subfield>
   <subfield code="t">NOLOAN</subfield>
   <subfield code="v">τ.A-H:</subfield>
   <subfield code="y">23</subfield>
   <subfield code="z">τ.A-H</subfield>
   <subfield code="4">1</subfield>
  </datafield>
  <datafield tag="852" ind1=" " ind2=" ">
   <subfield code="a">INST</subfield>
   <subfield code="b">UNIPILB</subfield>
   <subfield code="c">REF</subfield>
   <subfield code="e">20040709</subfield>
   <subfield code="h">031 WO</subfield>
   <subfield code="p">00118842</subfield>
   <subfield code="q">00118842</subfield>
   <subfield code="t">NOLOAN</subfield>
   <subfield code="v">τ.1-Z:</subfield>
   <subfield code="y">23</subfield>
   <subfield code="z">τ.1-Z</subfield>
   <subfield code="4">1</subfield>
  </datafield>
  <datafield tag="852" ind1=" " ind2=" ">
   <subfield code="a">INST</subfield>
   <subfield code="b">UNIPILB</subfield>
   <subfield code="c">REF</subfield>
   <subfield code="e">20040709</subfield>
   <subfield code="h">031 WO</subfield>
   <subfield code="p">00118843</subfield>
   <subfield code="q">00118843</subfield>
   <subfield code="t">NOLOAN</subfield>
   <subfield code="v">τ.A-L:</subfield>
   <subfield code="y">23</subfield>
   <subfield code="z">τ.A-L</subfield>
   <subfield code="4">1</subfield>
  </datafield>
 </record>
</collection>
